000 00542nam a2200217Ia 4500
008 180523s9999 xx 000 0 und d
020 _a978-1-63549-556-0
050 _aMAIN TX 353
050 _b.F66 2017
245 0 _aFood science and nutrition /
245 0 _cedited by Keegan Mason.
260 _aNew York :
260 _bLarsen & Keller,
260 _c2017
300 _a232 pages :
300 _billustrations (some colored) ;
300 _c27 cm,
500 _aIncludes index
650 _aFood.
650 _xNutrition.
999 _c357846
_d357846